Vybrané znalostní systémy SAK/Systém automatických konzultací/, SAZE/Systém automatizovaného získávání expertiz/, KEX/Knowledge EXplorer/ : Určeno pro stud. fak. inform. a stat.

Hlavní autor: Berka, Petr, 1959-
Jazyk: Čeština
Vydáno: Praha : Vysoká škola ekonomická, 1993
Vydání: 1. vyd.
Témata:
Fyzický popis: 243 s. : obr., tab.
Knihy
Uloženo v:
LEADER 01017nam a2200277 a 4500
001 000013650
003 CZ BrMZK
005 19931122143423.0
007 ta
008 931005s1993 xr f p 000 m cze d
020 |a 80-7079-639-1  |c 21.00 
040 |a BOA001  |b cze 
080 |a 681.325(075.8)  |2 MRF 
080 |a 681.3.07(075.8)  |2 MRF 
100 1 |a Berka, Petr,  |d 1959-  |7 jn20001103427 
245 1 0 |a Vybrané znalostní systémy SAK/Systém automatických konzultací/, SAZE/Systém automatizovaného získávání expertiz/, KEX/Knowledge EXplorer/ :  |b Určeno pro stud. fak. inform. a stat. 
250 |a 1. vyd. 
260 |a Praha :  |b Vysoká škola ekonomická,  |c 1993 
300 |a 243 s. :  |b obr., tab. 
653 0 |a systém automatizovaných konzultací 
910 |a BOA001  |b 4-0992.908 
962 |a 681.3 
962 |a 681.3.07 
964 |a Systémy znalostní - učebnice - školy vysoké 
990 |a BK 
996 7 |b 2610002821  |c 4-0992.908  |l MZK  |r Sklad / do 1 hodiny  |n 3  |p p.v.  |w 000013650  |u 000010  |a 1  |e BOA001  |j MZK50  |s A